000
00205nam a2200097Ia 4500
008
170627s9999 xx 000 0 und d
100
_a
KHAN-M.Y.
245
0
_a
FINANCIAL SERVICES
260
_b
TMH
260
_c
2010
546
_a
ENGLISH
999
_c
35776
_d
35776